000 00846nam a22002537a 4500
003 AR-RoUNCS
005 20251105103856.0
008 251105t2010 en |||||r|||| 00| f eng d
020 _a978-019-424-759-7
040 _aAR-RoUNCS
_cAR-RoUNCS
080 _0821.111-312.4
100 1 _aBowler, Bill.
_eadaptador
245 1 0 _aSherlock Holmes :
_bthe blue diamond /
_cSir Arthur Canan Doyle ; text adaptation by Bill Bowler ; illustrated by Susan Scott.
246 3 0 _aBlue diamond.
260 _aOxford :
_bOxford University Press,
_c2010.
300 _a4 p. :
_bil. col. ;
_c22 cm.
490 0 _aDonimoes ;
_v1
650 4 _aLITERATURA INGLESA
650 4 _aINGLÉS
_vLIBROS DE LECTURA
655 4 _aNOVELA POLICÍACA
700 1 _aScott, Susan,
_d1962
_eilustrador
700 1 _aDoyle, Arthur Conan,
_d1859-1930.
_eautor
942 _2udc
_cLPD
_n0
999 _c685
_d685